| 000 | 01017cam a22003494a 4500 | ||
|---|---|---|---|
| 001 | 13773169 | ||
| 003 | OSt | ||
| 005 | 20161012131156.0 | ||
| 008 | 041104s2006 nyua b 001 0 eng | ||
| 010 |
_a 2004063122 _z 2005050545 |
||
| 016 | 7 |
_a101258215 _2DNLM |
|
| 020 | _a9780071624428 | ||
| 020 | _a0071624422 | ||
| 035 | _a(OCoLC)ocm56982354 | ||
| 040 | _cDNLM | ||
| 042 | _apcc | ||
| 050 | 0 | 0 |
_aRM300 _b.G644 2006 |
| 060 | 0 | 0 | _a2005 L-513 |
| 060 | 1 | 0 |
_aQV 4 _bG6532 2006 |
| 082 | 0 | 0 | _aWB 300 G653L 2006 |
| 084 | _2bcl | ||
| 100 |
_aBrunton,Laurence;Chabner,Bruce;Knollman,Bjorn; _910325 |
||
| 245 | 0 | 0 | _aGoodman & Gilman's the pharmacological basis of therapeutics. |
| 250 | _a12th ed. | ||
| 260 |
_aNew York : _bMcGraw-Hill, _cc2006. |
||
| 300 |
_axvi, 2083 p. : _bill. ; _c26 cm. |
||
| 504 | _aIncludes bibliographical references and index. | ||
| 650 | 0 |
_aPharmacology. _9357 |
|
| 650 | 0 |
_aTherapeutics. _91626 |
|
| 906 |
_a7 _bcbc _corignew _d1 _eocip _f20 _gy-gencatlg |
||
| 942 |
_2z _cO_SHELF |
||
| 999 |
_c4802 _d4802 |
||